|
|
|
|
| LEADER |
00000nab#a22000007a#4500 |
| 001 |
arbauad000854 |
| 003 |
AR-BaUAD |
| 005 |
20250711110415.0 |
| 008 |
930622|||||||||###||||||b###|0###a|spa|| |
| 040 |
|
|
|a AR-BaUAD
|c AR-BaUAD
|b spa
|
| 100 |
|
|
|a Scevola, Annamaria
|
| 245 |
|
|
|a Jean Nouvel /
|c Annamaria Scevola;
|
| 300 |
0 |
|
|b fot., plantas, vistas, cortes
|
| 653 |
|
|
|a FRANCIA
|
| 653 |
|
|
|a NOUVEL, JEAN
|
| 653 |
|
|
|a BOURGEOIS, ISABELLE
|
| 653 |
|
|
|a CATTANI, EMMANUEL
|
| 653 |
|
|
|a PROYECTOS
|
| 653 |
|
|
|a MEDIOS DE TRANSPORTE
|
| 653 |
|
|
|a TRANSPORTE TERRESTRE
|
| 653 |
|
|
|a CAMIONES
|
| 653 |
|
|
|a SUM
|
| 653 |
|
|
|a SALONES DE USOS MULTIPLES
|
| 653 |
|
|
|a ITALIA
|
| 653 |
|
|
|a VENECIA
|
| 653 |
|
|
|a LIDO
|
| 653 |
|
|
|a CINES
|
| 653 |
|
|
|a PALACIO DEL CINE
|
| 653 |
|
|
|a SUIZA
|
| 653 |
|
|
|a VILLERET
|
| 653 |
|
|
|a INDUSTRIAS
|
| 653 |
|
|
|a ARQUITECTURA INDUSTRIAL
|
| 653 |
|
|
|a CARTIER SAINT-IMIER
|
| 773 |
0 |
|
|t OTTAGONO
|g no. 106 [mar. 1993], p. 29-36
|
| 942 |
|
|
|c ARTI
|
| 952 |
|
|
|0 0
|1 0
|4 0
|7 0
|9 45774
|a AR-BAuAD
|b AR-BAuAD
|d 2025-07-11
|l 0
|p AAQA000854
|r 2025-07-11 11:04:15
|w 2025-07-11
|y ARTI
|
| 990 |
|
|
|a DI199
|b TD
|
| 990 |
|
|
|a AQ199
|b TD
|
| 998 |
|
|
|a AAQ
|b BIBUN76
|
| 999 |
|
|
|c 25447
|d 25447
|